200 mẫu đối thoại ngắn giữa tài xế taxi và hành khách Có kèm sách
Gardado en:
| Formato: | Libro |
|---|---|
| Idioma: | Undetermined |
| Publicado: |
Tp. Hồ Chí Minh
Tổng Hợp Tp. Hồ Chí Minh
|
| Những chủ đề: | |
| Các nhãn: |
Engadir etiqueta
Sen Etiquetas, Sexa o primeiro en etiquetar este rexistro!
|
| Thư viện lưu trữ: | Trung tâm Học liệu Trường Đại học Cần Thơ |
|---|
| LEADER | 00651nam a2200205Ia 4500 | ||
|---|---|---|---|
| 001 | CTU_102055 | ||
| 008 | 210402s9999 xx 000 0 und d | ||
| 020 | |c 15000 | ||
| 082 | |a 428.34 | ||
| 082 | |b H103 | ||
| 245 | 0 | |a 200 mẫu đối thoại ngắn giữa tài xế taxi và hành khách | |
| 245 | 0 | |b Có kèm sách | |
| 245 | 0 | |c Nguyễn Thành Yến dịch | |
| 260 | |a Tp. Hồ Chí Minh | ||
| 260 | |b Tổng Hợp Tp. Hồ Chí Minh | ||
| 650 | |a english language | ||
| 650 | |x conversation and phrase books | ||
| 904 | |i M.Loan | ||
| 915 | |a 400 | ||
| 980 | |a Trung tâm Học liệu Trường Đại học Cần Thơ | ||